Tìm hiểu phật giáo

Na minha lista:
Detalhes bibliográficos
Autor principal:  Plamintr, Sunthorn
Formato: Sách
Idioma:Undetermined
Publicado em:  Tôn giáo  2008
Assuntos:
Tags: Adicionar Tag
Sem tags, seja o primeiro a adicionar uma tag!
Thư viện lưu trữ: Trung tâm Thư viện - Trường Đại học Công nghiệp TP. Hồ Chí Minh
LEADER 00491nam a2200157Ia 4500
001 UIH_06664
008 231011s9999 xx 000 0 und d
082 |a  294.3 
100 |a  Plamintr, Sunthorn 
245 0 |a  Tìm hiểu phật giáo 
245 0 |c  Plamintr, Sunthorn 
260 |b  Tôn giáo 
260 |c  2008 
650 |a  Phật Giáo; Phật Giáo;  
927 |a Sách 
980 |a Trung tâm Thư viện - Trường Đại học Công nghiệp TP. Hồ Chí Minh